<?xml version="1.0" encoding="UTF-8"?>
<marc:record xmlns:marc="http://www.loc.gov/MARC21/slim">
   <marc:leader>00000nam a2200000 a 4500</marc:leader>
   <marc:datafield ind1="1" ind2=" " tag="100">
      <marc:subfield code="a">WENINGER, Brigitte</marc:subfield>
      <marc:subfield code="4">aut</marc:subfield>
      <marc:subfield code="e">Verfasser/-in</marc:subfield>
   </marc:datafield>
   <marc:datafield ind1="1" ind2=" " tag="100">
      <marc:subfield code="a">THARLET, Eve</marc:subfield>
   </marc:datafield>
   <marc:datafield ind1=" " ind2=" " tag="653">
      <marc:subfield code="a">Bilderbuch</marc:subfield>
   </marc:datafield>
   <marc:datafield ind1="0" ind2="0" tag="245">
      <marc:subfield code="a">Pauli.Fröhliche Weihnachten! / Brigitte Weninger.</marc:subfield>
   </marc:datafield>
   <marc:datafield ind1=" " ind2="1" tag="264">
      <marc:subfield code="a">Gossau;Zürich;Hamburg;Salzburg</marc:subfield>
      <marc:subfield code="b">Neugebauer</marc:subfield>
      <marc:subfield code="c">1998</marc:subfield>
   </marc:datafield>
   <marc:datafield ind1="1" ind2=" " tag="520">
      <marc:subfield code="a">"Der Weihnachtsmann freut sich,wenn wir  teilen und helfen." Das hat Papa Kaninchen  seinen Kindern erklärt. Pauli hat diesen Rat  ernst genommen und spontan die Wintervorräte  mit den hungernden Waldtieren geteilt. Nicht  zur Freude seiner Familie, die eine halb  leere Vorratskammer vorfindet. #Doch als es am Weihnachtsabend an der Tür  klopft, erlebt Familie Kaninchen eine große  Überraschung.</marc:subfield>
   </marc:datafield>
   <marc:datafield ind1=" " ind2=" " tag="020">
      <marc:subfield code="a">9783851955880</marc:subfield>
      <marc:subfield code="9">9783851955880</marc:subfield>
   </marc:datafield>
   <marc:datafield ind1=" " ind2=" " tag="041">
      <marc:subfield code="a">ger</marc:subfield>
   </marc:datafield>
   <marc:datafield ind1=" " ind2=" " tag="300">
      <marc:subfield code="a">23 gez.</marc:subfield>
   </marc:datafield>
</marc:record>
